| 000 | 00609nam a2200217Ia 4500 | ||
|---|---|---|---|
| 005 | 20250326144204.0 | ||
| 008 | 250326s9999 xx 000 0 und d | ||
| 020 | _a978-81-7829-857-3 | ||
| 037 | _aTextbook | ||
| 040 |
_aFMSL _beng _cFMSL |
||
| 041 |
_aeng _2eng |
||
| 084 |
_aT(X:8) P8 _qFMSL |
||
| 100 |
_aConinck John D _9749212 |
||
| 245 | 0 |
_aPlanning monitering and evaluationin development organizations _cConinck John D |
|
| 260 |
_aNew Delhi _bNew Delhi, Sage _c2008 |
||
| 300 | _a200p | ||
| 365 | _b295 | ||
| 650 | _aNovel | ||
| 942 |
_cTB _hT(X:8) P8 |
||
| 999 |
_c1302721 _d1302721 |
||